000 01141nam a22002537a 4500
005 20120112143825.0
008 120112t xxu||||| |||| 00| 0 mar d
010 _aMAR-22172
020 _c170.00
035 _aMR-14830
037 _bDBAD/PUB
040 _aDPL
_bMR
082 _a891.4609
100 _939079
_aचौघुले, वि.श.
245 _aसाहित्याची आस्वादरुपे /
_cवि.श.चौघुले
246 _aSahityachi Aaswadrupe
_bby V.S.Choghule
260 _aपुणे
_bप्रतिमा प्रकाशन
_c2011
270 _a1362,औदुंबर अपार्टमेंट,सदाशिव पेठ ,
_bपुणे
_e411030
300 _aआठ,168पृ
_c22सेमी(अजिल्द)
650 _aमराठी साहित्य
_947922
650 _aMarathi Literature
_947927
942 _2ddc
_cMR
_mचौघुले
_h891.4609
999 _c67178
_d67178